000 01040cam a2200133 4500500
005 20251012042514.0
041 _afre
042 _adc
100 1 0 _aMuller Mirza, Nathalie
_eauthor
245 0 0 _aPsychologie culturelle d'une formation d'adulte : L'île aux savoirs voyageurs
260 _bL'Harmattan,
_c2005.
520 _aIl y a parfois une sorte de décalage entre ce qui avait été prévu en termes d’apprentissage et ce qui se déroule véritablement dans une formation, ce qui génère déception et frustration. Mais plutôt que de considérer ces «décalages» comme des échecs, cet ouvrage en explore les dynamiques et les potentialités, et leurs enjeux de communication. A partir d’un projet de «diagnostic paysan» élaboré à Madagascar basé sur la notion de participation, voici une exploration des conditions d’une rencontre interculturelle et interprofessionnelle.
856 4 1 _uhttps://shs.cairn.info/psychologie-culturelle-dune-formation-dadulte--9782747593069?lang=fr&redirect-ssocas=7080
999 _c1548827
_d1548827